000 00400 a2200133 4500
001 ART_11843
005 20260410161901.0
008 260409a
245 1 0 _aOn the switch from direct to indirect taxation
100 1 _aAtkinson, A.B.
700 1 _aStern, Nicholas H.
700 1 _aGomulka, J.
773 0 _tJournal of public economics
_g- Vol. 14, NÂș 2 (oct. 1980)
_wREV11485
999 _c25889
_d25889